Načítá se...
Costing/
| Hlavní autor: | |
|---|---|
| Médium: | Printed Book |
| Jazyk: | English |
| Vydáno: |
London:
ELBS,
1989
|
| LEADER | 00487nam a22001577a 4500 | ||
|---|---|---|---|
| 003 | OSt | ||
| 005 | 20200624134534.0 | ||
| 008 | 151119b xxu||||| |||| 00| 0 eng d | ||
| 082 | |a 658.1552 LUC/C | ||
| 100 | |a Lucey, T. | ||
| 245 | |a Costing/ |c T. Lucey | ||
| 260 | |a London: |b ELBS, |c 1989 | ||
| 300 | |a 609p. | ||
| 942 | |2 ddc |c BK | ||
| 999 | |c 323854 |d 323854 | ||
| 952 | |0 0 |1 0 |2 ddc |4 0 |6 658_155200000000000_LUC_C |7 0 |9 370334 |a CSC |b CSC |c ST1 |d 2015-11-19 |i 5220 |l 0 |o 658.1552 LUC/C |p CSC5220 |r 2015-11-19 |w 2015-11-19 |y BK | ||